Dym okolo zákazu hustne Nejasnosti okolo zákazu reklamy tabakových výrobkov trvajú

Môže byť reklama na legálny výrobok nelegálna? Problémy s uplatňovaním zákona č.634/1992 Zb. o ochrane spotrebiteľa v tejto sfére a prečo v ČR zákaz zrušili. Predstavy o rozumnom obmedzení reklamy tabakových výrobkov.

Salvato in:
Dettagli Bibliografici
Autore principale: Lechnický, Milan
Natura: Capitolo di libro
Lingua:slovacco
Soggetti:
Tags: Aggiungi Tag
Nessun Tag, puoi essere il primo ad aggiungerne!!

MARC

LEADER 00000naa a2200000 4500
001 r014519
005 20221205080553.5
041 0 |a slo 
044 |a SK 
245 1 0 |a Dym okolo zákazu hustne  |b Nejasnosti okolo zákazu reklamy tabakových výrobkov trvajú  |c M. Lechnický 
520 |a Môže byť reklama na legálny výrobok nelegálna? Problémy s uplatňovaním zákona č.634/1992 Zb. o ochrane spotrebiteľa v tejto sfére a prečo v ČR zákaz zrušili. Predstavy o rozumnom obmedzení reklamy tabakových výrobkov. 
610 2 0 |a reklama 
610 2 0 |a zákony 
610 2 0 |a ochrana spotrebiteľa 
610 2 0 |a priemysel tabakový 
610 2 0 |a Slovensko 
610 2 0 |a Česko 
610 2 0 |a zákony 
100 1 |a Lechnický, Milan